[Event "Mistrzostwa Polski Juniorow do lat 16 - Chlopcy"]
[Site "Ustron – Jaszowiec"]
[Date "1899-12-30"]
[Round "8.7"]
[White "Garbowski, Jakub"]
[Black "Lukasiewicz, Krzysztof"]
[Result "1-0"]
[WhiteTitle "k"]
[BlackTitle "k"]
[WhiteElo "2103"]
[BlackElo "2123"]

1. e4 e5 2. Nf3 Nc6 3. Bb5 Nge7 4. Nc3 g6 5. d4 exd4 6. Nd5 Bg7 7. Bg5 h6 8. Bf6
Bxf6 9. Nxf6+ Kf8 10. Qd2 Ng8 11. Nxg8 Kxg8 12. Nxd4 Qf6 13. Bxc6 bxc6 14. O-O
Rb8 15. c3 c5 16. Nb3 d6 17. f4 Kg7 18. e5 Qe7 19. Rae1 Be6 20. f5 Bxf5 21. exd6
Qxd6 22. Qf2 Rhe8 23. Nxc5 Re5 24. Rxe5 Qxe5 25. Nd7 Bxd7 26. Qxf7+ Kh8 27. Qxd7
Qc5+ 28. Kh1 Qb5 29. Rf8+ 1-0

[Event "Mistrzostwa Polski Juniorow do lat 16 - Chlopcy"]
[Site "Ustron – Jaszowiec"]
[Date "1899-12-30"]
[Round "8.8"]
[White "Brozyna, Mateusz"]
[Black "Raczynski, Krzysztof"]
[Result "0-1"]
[WhiteTitle "I"]
[BlackTitle "k"]
[WhiteElo "2009"]
[BlackElo "2116"]

1. e4 c5 2. Ne2 d6 3. g3 g6 4. Bg2 Bg7 5. c3 Nc6 6. d4 cxd4 7. cxd4 Bg4 8. f3 Bd7
9. Nbc3 Nf6 10. Be3 O-O 11. O-O a6 12. Qd2 b5 13. Rac1 Qa5 14. b3 Rfc8 15. g4
b4 16. Nd1 Na7 17. a4 Rxc1 18. Nxc1 Qb6 19. Nb2 a5 20. Ne2 Rc8 21. g5 Ne8 22.
Rd1 Qb7 23. h4 Nc7 24. Nf4 Be8 25. Bh3 Rd8 26. Nc4 d5 27. exd5 Nxd5 28. Nxa5 Qc7
29. Nxd5 Rxd5 30. Nc4 Nc6 31. Qh2 Qd8 32. Qf4 e5 33. Qe4 exd4 34. Bf4 Ne7 35.
Re1 Kf8 36. Bd2 Nc6 37. a5 d3 38. a6 Rd4 39. Qe3 Rxc4 40. Qxe8+ Qxe8 41. Rxe8+
Kxe8 42. bxc4 Bc3 43. Bf1 Bxd2 44. Bxd3 Be3+ 45. Kf1 Ne5 46. Ke2 Bc5 47. Be4 Nxc4
48. f4 Nd6 49. Bd5 Kd7 50. Kd3 Kc7 51. h5 gxh5 52. Ke2 Kb6 53. Bb3 h4 54. Kf3
h3 55. Kg3 Be3 56. Kxh3 Bxf4 57. Kg4 Be5 58. Bc2 Kxa6 59. Bxh7 b3 60. g6 f5+ 61.
Kf3 b2 0-1

[Event "Mistrzostwa Polski Juniorow do lat 16 - Chlopcy"]
[Site "Ustron – Jaszowiec"]
[Date "1899-12-30"]
[Round "8.9"]
[White "Tustanowski, Mateusz"]
[Black "Pytel, Maciej"]
[Result "1/2-1/2"]
[WhiteTitle "I++"]
[BlackTitle "I"]
[WhiteElo "1880"]
[BlackElo "1905"]

1. e4 c5 2. Nf3 e6 3. d3 Nc6 4. g3 g6 5. Bg2 Bg7 6. O-O Nge7 7. Nbd2 O-O 8. Re1
d6 9. c3 e5 10. a4 h6 11. Nc4 Be6 12. Qe2 f5 13. Bd2 g5 14. h4 g4 15. Nh2 h5 16.
exf5 Nxf5 17. Ne3 Nce7 18. Nhf1 Ng6 19. Nxf5 Bxf5 20. Bxb7 Rb8 21. Bd5+ Kh8 22.
b4 cxb4 23. cxb4 Qb6 24. Be4 Ne7 25. Rab1 d5 26. Be3 Qa6 27. Bc5 dxe4 28. dxe4
Qxe2 29. Rxe2 Rfe8 30. Bxe7 Bxe4 31. Rxe4 Rxe7 32. Ne3 Rd7 33. Nf5 Bf6 34. Rc4
Kh7 35. Rc6 Kg6 36. Nd6 Rb6 37. Rxb6 axb6 38. Nc4 Rb7 39. Rd1 b5 40. Na5 Rb6 41.
axb5 Rxb5 42. Nc6 Kf5 43. Kf1 Ke6 44. Nd8+ Kf5 45. Nc6 1/2-1/2

[Event "Mistrzostwa Polski Juniorow do lat 16 - Chlopcy"]
[Site "Ustron – Jaszowiec"]
[Date "1899-12-30"]
[Round "8.10"]
[White "Ochowicz, Jakub"]
[Black "Kozak, Antoni"]
[Result "1/2-1/2"]
[WhiteTitle "I++"]
[BlackTitle "k"]
[WhiteElo "1874"]
[BlackElo "2127"]

1. e4 e5 2. Nf3 d6 3. Nc3 Nf6 4. d4 Nbd7 5. Bc4 Be7 6. O-O O-O 7. Re1 c6 8. a4
b6 9. Qd3 a6 10. Bb3 Rb8 11. Be3 Ng4 12. Rad1 Nxe3 13. Qxe3 Qc7 14. Ne2 Bf6 15.
Qd2 exd4 16. Nexd4 Nc5 17. Nf5 Bxf5 18. exf5 d5 19. Nd4 Rfe8 20. Rxe8+ Rxe8 21.
Re1 Kf8 22. Rxe8+ Kxe8 23. Qe3+ Kd7 24. c3 Bxd4 25. cxd4 Nxb3 26. Qxb3 Qf4 27.
Qc3 Qxf5 28. h3 a5 29. Qb3 Kc7 30. Qg3+ Kb7 31. Qxg7 Qf4 32. b3 Qc1+ 33. Kh2 Qf4+
34. Kg1 Qc1+ 35. Kh2 Qf4+ 36. Kg1 Qc1+ 37. Kh2 Qf4+ 38. Kg1 Qc1+ 39. Kh2 Qf4+
40. Kg1 1/2-1/2

[Event "Mistrzostwa Polski Juniorow do lat 16 - Chlopcy"]
[Site "Ustron – Jaszowiec"]
[Date "1899-12-30"]
[Round "8.11"]
[White "Fus, Jakub"]
[Black "Godzwon, Iwo"]
[Result "1/2-1/2"]
[WhiteTitle "I++"]
[BlackTitle "k"]
[WhiteElo "2054"]
[BlackElo "2022"]

1. d4 Nf6 2. c4 g6 3. Nc3 d5 4. Bf4 Bg7 5. e3 c5 6. dxc5 O-O 7. Rc1 Qa5 8. cxd5
Ne4 9. Nge2 Nxc5 10. a3 Nca6 11. Nd4 Bd7 12. Qd2 Rd8 13. Bc4 e5 14. dxe6 Bxe6
15. Qe2 Bxc4 16. Qxc4 Bxd4 17. exd4 Nc6 18. d5 Re8+ 19. Be3 Ne5 20. Qd4 Nc5 21.
Rd1 Nb3 22. Qa4 Qxa4 23. Nxa4 Nc4 24. Rd3 b5 25. Rxb3 bxa4 26. Rc3 Nxe3 27. fxe3
Rab8 28. O-O Rxb2 29. Rd1 Rb3 30. Rdd3 Rd8 31. e4 Rb6 32. Rc4 Rb3 33. Rcc3 Rb7
34. Rc4 Rb3 35. Rxb3 axb3 36. Rb4 f5 37. exf5 Rxd5 38. Rxb3 Rxf5 39. Rb8+ Kg7
40. Rb7+ Rf7 1/2-1/2

[Event "Mistrzostwa Polski Juniorow do lat 16 - Chlopcy"]
[Site "Ustron – Jaszowiec"]
[Date "1899-12-30"]
[Round "8.12"]
[White "Nowak, Mikolaj"]
[Black "Marczak, Szymon"]
[Result "1-0"]
[WhiteTitle "I++"]
[BlackTitle "I"]
[WhiteElo "2240"]
[BlackElo "1839"]

1. d4 d5 2. c4 dxc4 3. e4 Nc6 4. Nf3 Bg4 5. d5 Ne5 6. Bf4 Ng6 7. Be3 e5 8. Bxc4
a6 9. Nbd2 Nf6 10. O-O Bd6 11. Qc2 O-O 12. Rac1 Nh5 13. Ne1 b5 14. f3 Bd7 15.
Bd3 Ngf4 16. g3 Qg5 17. Ng2 Nh3+ 18. Kh1 Qe7 19. Nb3 g6 20. Na5 f5 21. Nc6 Bxc6
22. Qxc6 f4 23. gxf4 N5xf4 24. Nxf4 Nxf4 25. Bxf4 exf4 26. Rg1 Be5 27. Rg2 Qf6
28. Qd7 Rf7 29. Qg4 Bd6 30. Bf1 Kg7 31. Rgc2 Re8 32. Qg1 Rff8 33. Bh3 Qe5 34.
Bd7 Rb8 35. Be6 Rb6 36. Qg4 Rfb8 37. Qh4 c5 38. Rg2 Qf6 39. Qg4 R8b7 40. Rcg1
Be7 41. Re2 Qe5 42. h4 Kh6 43. Rh2 Bf6 44. Bg8 Bd8 45. Qc8 Be7 46. Qg4 Rc7 47.
Rd2 Rd6 48. Qh3 Kg7 49. Be6 Kh6 50. Rg4 c4 51. Qh2 b4 52. Rc2 c3 53. Qxf4+ Qxf4
54. Rxf4 cxb2 55. Rxb2 Rc1+ 56. Kg2 Rb6 57. e5 Re1 58. Rf7 Bxh4 59. f4 g5 60.
Kf3 Rf1+ 61. Kg4 Rg1+ 62. Kf5 Rf1 63. Ke4 Rxf4+ 64. Rxf4 gxf4 65. Kxf4 b3 66.
Rxb3 Rxb3 67. axb3 Kg7 68. Kf5 Kf8 69. Bc8 a5 70. Ke6 Ke8 71. d6 h5 72. Kd5 Bg3
73. Bf5 Kd8 74. e6 Bh4 75. Bg6 Bg5 76. Bxh5 1-0

[Event "Mistrzostwa Polski Juniorow do lat 16 - Chlopcy"]
[Site "Ustron – Jaszowiec"]
[Date "1899-12-30"]
[Round "8.13"]
[White "Sernecki, Franciszek"]
[Black "Wierzbicki, Michal"]
[Result "0-1"]
[WhiteTitle "I"]
[BlackTitle "I"]
[WhiteElo "2151"]
[BlackElo "1828"]

1. d4 Nf6 2. Nf3 e6 3. c4 b6 4. g3 Bb7 5. Bg2 Be7 6. O-O O-O 7. Nc3 Ne4 8. Nxe4
Bxe4 9. Ne1 Bxg2 10. Nxg2 c5 11. d5 Bf6 12. e4 Bd4 13. Rb1 a5 14. Be3 e5 15. Qd2
Na6 16. f4 f6 17. Nh4 d6 18. Rf3 Qd7 19. Rbf1 Nc7 20. f5 b5 21. Qg2 bxc4 22. g4
Rab8 23. Bxd4 cxd4 24. g5 Qb5 25. R1f2 Qc5 26. Ng6 c3 27. b3 d3 28. b4 Rxb4 29.
Qh3 c2 30. Qxh7+ Kf7 31. Nh8+ Ke8 32. Qg6+ Kd8 33. Nf7+ Rxf7 34. Qxf7 c1=Q+ 35.
Kg2 Qxg5+ 36. Kh3 Rxe4 37. Qg8+ Ne8 0-1

[Event "Mistrzostwa Polski Juniorow do lat 16 - Chlopcy"]
[Site "Ustron – Jaszowiec"]
[Date "1899-12-30"]
[Round "8.14"]
[White "Wyczling, Bartosz"]
[Black "Paliwoda, Borys"]
[Result "1-0"]
[WhiteTitle "I+"]
[BlackTitle "II+"]
[WhiteElo "1963"]
[BlackElo "1819"]

1. d4 d5 2. c4 dxc4 3. e4 Nf6 4. e5 Nd5 5. Bxc4 Nb6 6. Bd3 Nc6 7. Be3 Bd7 8. a3
g6 9. Nc3 Bg7 10. Nge2 O-O 11. O-O e6 12. Ne4 Nd5 13. Bg5 f6 14. exf6 Nxf6 15.
Rc1 Qc8 16. Nc5 Nd5 17. Bc4 Na5 18. Bd3 Nc6 19. Bb5 Rb8 20. Qd2 Qe8 21. Bh4 a6
22. Nxd7 Qxd7 23. Bxc6 bxc6 24. Rc5 Rb5 25. Rfc1 Rxc5 26. Rxc5 Rb8 27. Bg3 Rb5
28. Rc2 Bf6 29. h3 Kg7 30. f4 Ne7 31. Bf2 Nd5 32. Ng3 Be7 33. Ne4 Nf6 34. Nc3
Rb8 35. Qe2 Ra8 36. Qc4 c5 37. dxc5 Nd5 38. Bd4+ Bf6 39. Bxf6+ Kxf6 40. Qd4+ Kf7
41. Ne4 Rf8 42. g3 Rd8 43. Re2 Kg8 44. Nf2 h5 45. Qe4 Kf7 46. Nd3 Nf6 47. Ne5+
Ke7 48. Nxg6+ Kf7 49. Ne5+ Ke7 50. Nxd7 Nxe4 51. Rxe4 Rxd7 1-0

[Event "Mistrzostwa Polski Juniorow do lat 16 - Chlopcy"]
[Site "Ustron – Jaszowiec"]
[Date "1899-12-30"]
[Round "8.15"]
[White "Polczyk, Mikolaj"]
[Black "Kawalko, Adam"]
[Result "1-0"]
[WhiteTitle "I"]
[BlackTitle "I"]
[WhiteElo "1889"]
[BlackElo "1814"]

1. e4 c5 2. c3 e6 3. d4 cxd4 4. cxd4 Nf6 5. e5 Nd5 6. Nf3 d6 7. Bc4 Be7 8. O-O
O-O 9. Bd2 b6 10. Qe2 Bb7 11. Nc3 Nxc3 12. Bxc3 Nd7 13. Rfd1 Qc7 14. Bd3 dxe5
15. dxe5 Nc5 16. Bc2 Rfd8 17. Nd4 a6 18. Rac1 Rd5 19. f4 a5 20. Nb5 Rxd1+ 21.
Rxd1 Qc6 22. Nd6 Ba6 23. Bxh7+ Kf8 24. Qh5 Bxd6 25. exd6 Bb7 26. Be4 1-0

[Event "Mistrzostwa Polski Juniorow do lat 16 - Chlopcy"]
[Site "Ustron – Jaszowiec"]
[Date "1899-12-30"]
[Round "8.16"]
[White "Dytman, Radoslaw"]
[Black "Jarzebowski, Kacper"]
[Result "0-1"]
[WhiteTitle "I"]
[BlackTitle "I++"]
[WhiteElo "1521"]
[BlackElo "1820"]

1. e4 c5 2. Nf3 a6 3. c3 g6 4. d4 cxd4 5. cxd4 d5 6. e5 Bg4 7. Nc3 Bxf3 8. Qxf3
e6 9. Be3 Nc6 10. h4 h5 11. Bd3 Nh6 12. Rh3 Nf5 13. Bxf5 gxf5 14. Qe2 Be7 15.
O-O-O Rc8 16. Qd2 b5 17. Kb1 Na5 18. Bg5 Nc4 19. Qf4 Rg8 20. Rg3 Qa5 21. Nxd5
exd5 22. Qxf5 Qc7 23. a3 Qd7 24. Qh7 Rg6 25. Rf3 Qe6 26. Qxh5 Kd7 27. Qh7 Rf8
28. Bxe7 Kxe7 29. Rf6 Rxf6 30. exf6+ Qxf6 31. Re1+ Kd7 32. Qh5 Qg6+ 33. Qxg6 fxg6
34. f3 Rf4 35. Rh1 Rxd4 36. h5 gxh5 37. Rxh5 Rd1+ 38. Ka2 Rd2 39. g4 Rxb2+ 40.
Ka1 Kc6 41. Rh6+ Kc5 42. g5 Rg2 43. f4 Nxa3 44. Rxa6 b4 45. g6 Kc4 46. Re6 b3
47. Rc6+ Kd3 48. Rb6 Ra2# 0-1

[Event "Mistrzostwa Polski Juniorow do lat 16 - Chlopcy"]
[Site "Ustron – Jaszowiec"]
[Date "1899-12-30"]
[Round "8.17"]
[White "Posluszny, Tomasz"]
[Black "Sloniewski, Michal"]
[Result "0-1"]
[WhiteTitle "I"]
[BlackTitle "I"]
[WhiteElo "1798"]
[BlackElo "1679"]

1. d4 Nf6 2. c4 g6 3. Nc3 d5 4. Qb3 dxc4 5. Qxc4 Bg7 6. Qd3 O-O 7. e4 c5 8. d5
Qc7 9. g3 Nbd7 10. f4 Nb6 11. Nb5 Qb8 12. Be3 c4 13. Qc2 Bd7 14. Nc3 Qc7 15. h3
e6 16. d6 Qc6 17. Bg2 e5 18. fxe5 Nh5 19. Nf3 Nxg3 20. Rg1 Be6 21. Bh1 Nxh1 22.
Rxh1 Nd7 23. Bf4 Qc5 24. Qf2 Rac8 25. Rd1 Nxe5 26. Nxe5 Bxe5 27. Bxe5 Qxe5 28.
Qd4 Qg3+ 29. Qf2 Qe5 30. Qd4 Qxd4 31. Rxd4 Rfd8 32. Kf2 Rc6 33. e5 Rc5 34. Re1
Kg7 35. Kg3 b5 36. a3 a5 37. Kf4 b4 38. axb4 axb4 39. Ne4 Rcc8 40. Ng5 Rc5 41.
Nxe6+ fxe6 42. Rc1 g5+ 43. Ke4 Rdc8 44. b3 c3 45. Rxb4 Rd5 46. Rc4 Rf8 47. Rc7+
Kg6 48. R1xc3 Rf4+ 49. Ke3 Rxe5+ 50. Kd2 Rd5+ 51. Rd3 Rfd4 52. Rxd4 Rxd4+ 53.
Ke3 Rxd6 54. Rb7 Kf5 55. Rf7+ Ke5 56. Rxh7 Rb6 57. h4 Rxb3+ 58. Kf2 g4 59. Rg7
Kf5 60. h5 Rh3 61. Rh7 e5 62. h6 e4 63. Rh8 e3+ 64. Ke2 Kf4 65. h7 Rh2+ 66. Kf1
Kg3 67. Re8 Rh1+ 68. Ke2 Rxh7 69. Rxe3+ Kg2 70. Re6 g3 71. Re5 Kh2 0-1

[Event "Mistrzostwa Polski Juniorow do lat 16 - Chlopcy"]
[Site "Ustron – Jaszowiec"]
[Date "1899-12-30"]
[Round "8.18"]
[White "Filewicz, Radoslaw"]
[Black "Kukorowski, Jan"]
[Result "1/2-1/2"]
[WhiteTitle "I"]
[BlackTitle "I"]
[WhiteElo "1850"]
[BlackElo "1709"]

1. d4 e6 2. g3 f5 3. Bg2 Nf6 4. c4 d5 5. Nc3 c6 6. Nh3 Bd6 7. Bf4 O-O 8. O-O Bxf4
9. Nxf4 Qe8 10. Qc2 Nh5 11. Nxh5 Qxh5 12. e3 Nd7 13. b3 Nf6 14. f3 Bd7 15. Rae1
Kh8 16. e4 f4 17. e5 Ne8 18. Ne2 g5 19. g4 Qh4 20. Nc1 Nc7 21. Nd3 Be8 22. Qf2
Qxf2+ 23. Nxf2 Kg7 24. Rc1 Rd8 25. c5 Bg6 26. Rfd1 Rd7 27. Bf1 Rh8 28. Kg2 Kf8
29. Be2 h6 30. Rh1 h5 31. h3 h4 32. Rhd1 Ke7 33. Rd2 Ra8 34. Nd1 Rdd8 35. Rb2
a6 36. Rd2 Ra7 37. Nb2 Raa8 38. Na4 Rh8 39. Nb6 Rad8 40. Rb2 Nb5 41. Rd2 Nc7 42.
Rb2 1/2-1/2

[Event "Mistrzostwa Polski Juniorow do lat 16 - Chlopcy"]
[Site "Ustron – Jaszowiec"]
[Date "1899-12-30"]
[Round "8.19"]
[White "Namyslak, Piotr"]
[Black "Radecki, Adam"]
[Result "1/2-1/2"]
[WhiteTitle "I"]
[BlackTitle "I"]
[WhiteElo "1866"]
[BlackElo "1712"]

1. c4 e5 2. Nc3 Nf6 3. g3 c6 4. Bg2 d5 5. cxd5 cxd5 6. d4 exd4 7. Qxd4 Nc6 8. Qa4
d4 9. Nb5 Bd7 10. Bf4 Rc8 11. Bd6 a6 12. Nc7+ Rxc7 13. Bxc7 Qxc7 14. Rc1 Qb6 15.
Nf3 Bb4+ 16. Kf1 O-O 17. a3 Bd6 18. Qc2 Re8 19. Nd2 Ne5 20. Ne4 d3 21. Nxf6+ gxf6
22. exd3 Qd4 23. Be4 f5 24. Bxb7 Bb5 25. Qc3 Qb6 26. Bd5 Nxd3 27. Rc2 Nxf2+ 28.
Kg2 Nxh1 29. Qf6 Qd8 30. Qxf7+ Kh8 31. Rc8 Qg5 32. Rxe8+ Bxe8 33. Qxe8+ Kg7 34.
Qg8+ Kh6 35. Qxg5+ Kxg5 36. Kxh1 f4 37. Kg2 h5 38. Kf3 fxg3 39. hxg3 Be5 40. b4
Bb2 41. a4 Ba3 42. b5 axb5 1/2-1/2

[Event "Mistrzostwa Polski Juniorow do lat 16 - Chlopcy"]
[Site "Ustron – Jaszowiec"]
[Date "1899-12-30"]
[Round "8.20"]
[White "Laszczak, Przemyslaw"]
[Black "Mietkiewicz, Jacek"]
[Result "1-0"]
[WhiteTitle "I+"]
[BlackTitle "I"]
[WhiteElo "1944"]
[BlackElo "1845"]

1. d4 d5 2. c4 c6 3. Nc3 Nf6 4. e3 a6 5. Nf3 Bf5 6. cxd5 cxd5 7. Bd3 Bxd3 8. Qxd3
e6 9. O-O Nc6 10. b3 Bd6 11. Bb2 O-O 12. Ne2 Qe7 13. Ne5 Nb4 14. Qd1 Rac8 15.
Nc3 Nd7 16. f4 f5 17. a3 Nc6 18. g4 Nf6 19. g5 Ne4 20. Nxe4 dxe4 21. b4 b5 22.
Qb3 Rfd8 23. Rac1 Bxe5 24. dxe5 Rd3 25. Rc3 Rcd8 26. Rxd3 Rxd3 27. Qc2 Qd7 28.
Rc1 Ne7 29. Bd4 Nd5 30. Qc5 Nxf4 31. exf4 Rxd4 32. Qc8+ Kf7 33. Rc7 Rd1+ 34. Kg2
Rd2+ 35. Kg3 Rd3+ 36. Kh4 Ke7 37. Rxd7+ Rxd7 38. Qxa6 Rd3 39. Qxb5 Rxa3 40. Qb7+
Kf8 41. Qc8+ Kf7 42. Qd7+ Kf8 43. Qxe6 1-0

[Event "Mistrzostwa Polski Juniorow do lat 16 - Chlopcy"]
[Site "Ustron – Jaszowiec"]
[Date "1899-12-30"]
[Round "9.1"]
[White "Pacan-milej, Kosma"]
[Black "Kosakowski, Jakub"]
[Result "1-0"]
[WhiteTitle "FM"]
[BlackTitle "k+"]
[WhiteElo "2303"]
[BlackElo "2376"]

1. d4 Nf6 2. c4 g6 3. Nf3 Bg7 4. g3 d5 5. cxd5 Nxd5 6. Bg2 Nb6 7. Nc3 Nc6 8. O-O
O-O 9. d5 Na5 10. e4 c6 11. Bf4 cxd5 12. Nxd5 Nxd5 13. exd5 Nc4 14. Qb3 Nd6 15.
Rfe1 Re8 16. Rac1 a5 17. Be5 Bh6 18. Rcd1 Ra6 19. Nd4 Bg4 20. Rd3 Rb6 21. Qc2
Rb4 22. h3 Bd7 23. b3 Qb8 24. a3 Rb6 25. Rc3 f6 26. Bxd6 Qxd6 27. a4 Qb4 28. Ne6
Kf7 29. Kh2 Rc8 30. Rxc8 Qxe1 31. Rc7 Bxe6 32. Qc5 Qb4 33. dxe6+ Kf8 34. Rc8+
Kg7 35. Qc7 Qd6 36. Qd7 Bd2 37. Qe8 Kh6 38. Rd8 Qb4 39. h4 g5 40. Qf8+ Kg6 41.
Qf7+ Kf5 42. Rd5+ 1-0

[Event "Mistrzostwa Polski Juniorow do lat 16 - Chlopcy"]
[Site "Ustron – Jaszowiec"]
[Date "1899-12-30"]
[Round "9.2"]
[White "Gumularz, Szymon"]
[Black "Lis, Mateusz"]
[Result "1/2-1/2"]
[WhiteTitle "I++"]
[BlackTitle "I+"]
[WhiteElo "2394"]
[BlackElo "2022"]

1. Nf3 Nf6 2. c4 g6 3. g3 Bg7 4. Bg2 d6 5. d4 O-O 6. O-O Nbd7 7. Nc3 e5 8. Qc2
Re8 9. Rd1 c6 10. b3 Qe7 11. Ba3 e4 12. Ng5 e3 13. f3 h6 14. Nge4 Nxe4 15. fxe4
c5 16. Nd5 Qd8 17. Bb2 cxd4 18. Bxd4 Ne5 19. Qc3 Be6 20. Nf4 Qe7 21. Qxe3 g5 22.
Nh5 Bh8 23. h3 a6 24. g4 b5 25. c5 dxc5 26. Bxc5 Qb7 27. Rac1 Red8 28. Qf2 Rxd1+
29. Rxd1 Rc8 30. Bd4 Qe7 31. e3 a5 32. Qb2 Bd7 33. Bxe5 Bxe5 34. Rxd7 Qxd7 35.
Qxe5 Rc1+ 36. Kh2 Qc7 37. Nf6+ Kf8 38. Nh7+ Kg8 39. Nf6+ Kf8 40. Qxc7 Rxc7 41.
e5 Rc2 42. a4 bxa4 43. bxa4 Rc4 44. Nd7+ Kg7 45. Nb6 Rb4 46. Nc8 Rxa4 47. Bd5
Ra3 48. Nd6 Rd3 49. Bc4 1/2-1/2

[Event "Mistrzostwa Polski Juniorow do lat 16 - Chlopcy"]
[Site "Ustron – Jaszowiec"]
[Date "1899-12-30"]
[Round "9.3"]
[White "Pultorak, Jan"]
[Black "Szpar, Milosz"]
[Result "1-0"]
[WhiteTitle "FM"]
[BlackTitle "k"]
[WhiteElo "2302"]
[BlackElo "2237"]

1. b3 Nf6 2. Bb2 e6 3. e3 c5 4. Nf3 Be7 5. c4 O-O 6. Be2 Nc6 7. O-O d5 8. cxd5
exd5 9. d4 Bf5 10. Nc3 Rc8 11. dxc5 Bxc5 12. Rc1 Bd6 13. Nb5 Bb8 14. Nbd4 Be4
15. Nxc6 Rxc6 16. Rxc6 bxc6 17. Qc1 Qd6 18. Be5 Qe6 19. Bxb8 Bxf3 20. Bxf3 Rxb8
21. Qc5 Rb6 22. Rc1 g6 23. h3 h5 24. a4 Nd7 25. Qc3 c5 26. Rd1 Rd6 27. Qa5 d4
28. exd4 cxd4 29. Qxa7 d3 30. b4 Ne5 31. Qa8+ Kg7 32. b5 d2 33. Be2 Nc6 34. Kf1
Nb4 35. Qf3 Qe5 36. Qg3 Qd4 37. Qe3 Qb2 38. a5 Nc2 39. Qf4 Qa3 40. Qe4 Qc3 41.
Qc4 Qb2 42. a6 Na3 43. Qc5 1-0

[Event "Mistrzostwa Polski Juniorow do lat 16 - Chlopcy"]
[Site "Ustron – Jaszowiec"]
[Date "1899-12-30"]
[Round "9.4"]
[White "Garbowski, Jakub"]
[Black "Chylewski, Patryk"]
[Result "0-1"]
[WhiteTitle "k"]
[BlackTitle "k++"]
[WhiteElo "2103"]
[BlackElo "2293"]

1. e4 c5 2. Nf3 d6 3. d4 cxd4 4. Nxd4 Nf6 5. Nc3 a6 6. Bg5 Nbd7 7. Bc4 Qb6 8. Bb3
e6 9. Qd2 Nc5 10. Bxf6 gxf6 11. O-O-O Bd7 12. f4 O-O-O 13. f5 h5 14. Kb1 Bh6 15.
Qe2 Bf4 16. fxe6 fxe6 17. Bxe6 Nxe6 18. Nd5 Qc5 19. Nxe6 Bxe6 20. b4 Bg4 21. Qxg4+
hxg4 22. bxc5 Be5 23. cxd6 Rxd6 24. h3 g3 25. Rhf1 Kb8 26. c3 Rh4 27. Rfe1 Rc6
28. Kc2 b5 29. Kd3 Rh8 30. Rc1 Rhc8 31. Rf1 Rc4 32. h4 b4 33. h5 bxc3 34. Nxf6
Rd4+ 35. Ke3 Rd2 36. Rb1+ Ka8 37. Nd5 Bd4+ 38. Kf3 c2 39. Rbc1 Rf8+ 40. Nf4 Rf2+
41. Kxg3 Rxf1 42. Rxf1 Be3 0-1

[Event "Mistrzostwa Polski Juniorow do lat 16 - Chlopcy"]
[Site "Ustron – Jaszowiec"]
[Date "1899-12-30"]
[Round "9.5"]
[White "Raczynski, Krzysztof"]
[Black "Woloch, Oskar"]
[Result "0-1"]
[WhiteTitle "k"]
[BlackTitle "k"]
[WhiteElo "2116"]
[BlackElo "2235"]

1. e4 e5 2. Nf3 Nc6 3. Bb5 a6 4. Ba4 Nf6 5. Qe2 Be7 6. c3 b5 7. Bb3 d6 8. O-O O-O
9. Rd1 Na5 10. Bc2 c5 11. d4 Qc7 12. d5 c4 13. b4 cxb3 14. axb3 Bg4 15. Bd2 Nb7
16. Na3 Rfc8 17. b4 Bd8 18. Bd3 Bd7 19. h3 Qb8 20. Nh2 Bb6 21. g4 h6 22. Nf1 Nh7
23. Ng3 Rc7 24. Nc2 Qd8 25. Ne3 Qh4 26. Kg2 g6 27. Rh1 Rcc8 28. Kf1 Qf6 29. Kg2
Qh4 30. Nd1 Re8 31. Be3 Bd8 32. Nb2 Bg5 33. c4 Bxe3 34. Qxe3 bxc4 35. Nxc4 Bb5
36. Nd2 Bxd3 37. Qxd3 a5 38. bxa5 Nxa5 39. Qe3 Nb7 40. Nf3 Qf6 41. Qxh6 Nc5 42.
Qe3 Rxa1 43. Rxa1 Rb8 44. Ra3 Rb4 45. Qh6 Qd8 46. Ra7 Nd3 47. Qe3 Nf4+ 48. Kh2
Rb2 49. Nf1 Re2 50. Qa3 Rxf2+ 51. Kg1 Nxh3+ 52. Kh1 Rxf1+ 53. Kg2 Rf2+ 54. Kg3
Kg7 55. Qe3 Qf6 56. Ra3 Rf1 57. Kg2 Rxf3 58. Qxf3 Qxf3+ 59. Kxf3 N3g5+ 60. Ke3
Nf6 61. Ra6 Nxg4+ 62. Kd4 0-1

[Event "Mistrzostwa Polski Juniorow do lat 16 - Chlopcy"]
[Site "Ustron – Jaszowiec"]
[Date "1899-12-30"]
[Round "9.6"]
[White "Hrymowicz, Artur"]
[Black "Psyk, Radoslaw"]
[Result "1/2-1/2"]
[WhiteTitle "I+"]
[BlackTitle "k"]
[WhiteElo "1982"]
[BlackElo "2160"]

1. e4 c5 2. Nf3 e6 3. c4 Nc6 4. Nc3 e5 5. d3 d6 6. Be2 g6 7. O-O Bg7 8. Nd5 Nge7
9. Bg5 h6 10. Bxe7 Nxe7 11. b4 O-O 12. Qb3 f5 13. Nd2 Nc6 14. Rfb1 cxb4 15. Nxb4
Nd4 16. Qd1 fxe4 17. Nxe4 Bf5 18. Nd5 Bxe4 19. dxe4 Rf7 20. Rb2 Qg5 21. Qd2 Qh4
22. Qe3 Raf8 23. f3 g5 24. Rab1 b6 25. a4 h5 26. g3 Qh3 27. Qxg5 Kh7 28. Ne7 Rf6
29. f4 Nxe2+ 30. Rxe2 Bh6 31. Qh4 Qxh4 32. gxh4 Rxf4 33. Nf5 Rg8+ 34. Kh1 Rgg4
35. Nxd6 Bf8 36. Rd2 Bxd6 37. Rxd6 Rxe4 38. Rd7+ Kg6 39. Rxa7 Rxc4 40. Rxb6+ Kf5
41. Rb1 Rxa4 42. Rxa4 Rxa4 43. Kg2 Ra2+ 44. Kg3 Ra3+ 45. Kg2 Ra2+ 46. Kg3 Ra3+
47. Kg2 Kf4 48. Rb8 Ra2+ 49. Kg1 e4 50. Rb5 Kf3 51. Rf5+ Ke3 52. Rxh5 Ra8 53.
Kg2 Ke2 54. Re5 e3 55. Kg3 Ra4 56. h5 Ra8 1/2-1/2

[Event "Mistrzostwa Polski Juniorow do lat 16 - Chlopcy"]
[Site "Ustron – Jaszowiec"]
[Date "1899-12-30"]
[Round "9.7"]
[White "Kowalski, Igor"]
[Black "Kokoszczynski, Jan"]
[Result "1-0"]
[WhiteTitle "k+"]
[BlackTitle "k"]
[WhiteElo "2231"]
[BlackElo "2072"]

1. d4 Nf6 2. c4 e6 3. Nc3 Bb4 4. Qc2 O-O 5. Nf3 d6 6. g3 Nc6 7. Bg2 e5 8. d5 Ne7
9. Nh4 Nd7 10. e4 Bxc3+ 11. Qxc3 f5 12. exf5 Nxf5 13. Nxf5 Rxf5 14. O-O Qf8 15.
f4 Rf7 16. Be3 exf4 17. Rxf4 Rxf4 18. Bxf4 Qf6 19. Qe3 Nc5 20. Bg5 Qe5 21. Qxe5
dxe5 22. Bd8 Na6 23. Re1 Bd7 24. Be7 Re8 25. d6 Nb4 26. Rxe5 Nd3 27. Re3 Nxb2
28. Bd5+ Kh8 29. dxc7 h6 30. c5 Nd1 31. Re1 Nc3 32. Bxb7 Nb5 33. Rd1 Rxe7 34.
Rxd7 1-0

[Event "Mistrzostwa Polski Juniorow do lat 16 - Chlopcy"]
[Site "Ustron – Jaszowiec"]
[Date "1899-12-30"]
[Round "9.8"]
[White "Pytel, Maciej"]
[Black "Brozyna, Mateusz"]
[Result "1-0"]
[WhiteTitle "I"]
[BlackTitle "I"]
[WhiteElo "1905"]
[BlackElo "2009"]

1. e4 c6 2. d4 d5 3. e5 c5 4. dxc5 Nc6 5. Nc3 e6 6. Nf3 Bxc5 7. Bd3 f6 8. Bf4 fxe5
9. Bxe5 Nf6 10. O-O O-O 11. h3 g6 12. Qe2 Nh5 13. Bh2 Qf6 14. Rae1 Nf4 15. Bxf4
Qxf4 16. Qd2 Qf6 17. Qg5 Be7 18. Qxf6 Bxf6 19. Nb5 Rb8 20. c3 a6 21. Na3 b5 22.
Nc2 e5 23. Nd2 Be6 24. Nb3 Be7 25. Ncd4 Nxd4 26. Nxd4 exd4 27. Rxe6 Bf6 28. cxd4
Bxd4 29. Rxa6 Bxb2 30. Rd6 Rfd8 31. Rxd8+ Rxd8 32. Bxb5 Bc3 33. Rd1 d4 34. f3
Kf7 35. Kf2 Kf6 36. Ke2 Ke5 37. g3 Kd5 38. Rb1 Kc5 39. Kd3 Rf8 40. Ke4 Rf7 41.
Bd3 Re7+ 42. Kf4 Bd2+ 43. Kg4 Be1 44. Be4 Bb4 45. Kg5 Ra7 46. Rc1+ Bc3 47. Bb1
Kc4 48. Rd1 Ra5+ 49. Kf4 Ra7 50. h4 Rf7+ 51. Kg4 Kd5 52. f4 Ke6 53. Kg5 Ra7 54.
f5+ gxf5 55. Bxf5+ Ke5 56. Bb1 Rg7+ 57. Kh6 Rxg3 58. h5 Rg2 59. Rh1 Rb2 60. Kxh7
Rb7+ 61. Kg6 Rb6+ 62. Kg5 Bd2+ 63. Kg4 Be3 64. Bd3 Rb2 65. a4 Rg2+ 66. Kf3 Rf2+
67. Kg3 Ra2 68. h6 Bxh6 69. Rh5+ Kf6 70. Rxh6+ Kg7 71. Rh7+ Kf6 72. Bb5 Ke5 73.
Re7+ Kd6 74. Re2 Ra3+ 75. Kf4 Rh3 76. Ke4 Rh4+ 77. Kd3 Kc5 78. Re5+ Kb4 79. Re4
Rh1 80. Rxd4+ Ka5 81. Kc4 Rc1+ 82. Kd5 Rh1 83. Kc6 Rc1+ 84. Kb7 Rh1 85. Rd5 Rb1
86. Ka7 Ra1 87. Bc6+ Kb4 88. Kb6 1-0

[Event "Mistrzostwa Polski Juniorow do lat 16 - Chlopcy"]
[Site "Ustron – Jaszowiec"]
[Date "1899-12-30"]
[Round "9.9"]
[White "Nowak, Mikolaj"]
[Black "Wyczling, Bartosz"]
[Result "0-1"]
[WhiteTitle "I++"]
[BlackTitle "I+"]
[WhiteElo "2240"]
[BlackElo "1963"]

1. e4 c5 2. Nc3 Nc6 3. f4 g6 4. Nf3 Bg7 5. g3 d6 6. Bg2 e6 7. d3 Nge7 8. Be3 Rb8
9. O-O b5 10. Qd2 O-O 11. d4 b4 12. Ne2 Ba6 13. Rfd1 Qa5 14. g4 Bxe2 15. Qxe2
Nxd4 16. Nxd4 cxd4 17. Bxd4 Bxd4+ 18. Rxd4 e5 19. fxe5 dxe5 20. Rd7 Nc6 21. Qc4
Qb6+ 22. Kh1 Rbd8 23. Rd5 Nd4 24. Rc1 Rc8 25. Qd3 Qf6 26. Rf1 Qg7 27. g5 Rxc2
28. Rxd4 Rxg2 29. Rxb4 Rxg5 30. Rb7 Rg4 31. Rxa7 Rf4 32. Rc7 Qf6 33. Rcc1 Rd8
34. Rxf4 exf4 35. Qc3 Qe6 36. Re1 Qxa2 37. Qf6 Rb8 38. Rd1 Qa8 39. Qxf4 Rxb2 40.
Qf3 Qb8 41. Qh3 Qe5 42. Re1 Rb4 43. Qa3 Rb2 44. Qh3 Kg7 45. Qh4 h5 46. Qh3 Kh6
47. Qe3+ g5 48. Re2 Rb1+ 49. Kg2 Kg6 50. Qd3 Rb2 51. Qf3 Rb6 52. Qd3 Rd6 53. Qc2
Rf6 54. Re3 Kg7 55. Rf3 Rxf3 56. Kxf3 g4+ 57. Kg2 h4 58. Qe2 h3+ 59. Kg1 Qf4 60.
Qb2+ f6 61. Qe2 Kh6 62. Qd3 Kg5 63. Qe2 Qc1+ 64. Kf2 Qc5+ 65. Kf1 Qe5 66. Kg1
Qf4 67. Qd3 Qf3 68. Qd2+ Kg6 69. e5 fxe5 70. Qd6+ Qf6 71. Qd3+ Kg5 72. Qd2+ Kh5
73. Qb2 Qf4 74. Qb8 Qe3+ 75. Kf1 Qf3+ 0-1